00774nam a2200181 a 450000100060000000300090000600800410001502000150005604000280007108200140009910000680011324500160018126000280019730000110022549000350023650503070027165000140057815176CO-ViMGA141112s2004 ck r 000 u spa d a9589400450 aCO-ViMGAbspacCO-ViMGA04a616 A537p1 aAndrade, Rafael; Gonzales C., Juan Manuel; Restrepo M., Rodrigo10aPatología aMedellin, cCib, c2000 a536.p. aCiencias básicas de Medicina aConceptos básicos Patología general Inmunopatología Neoplasias Aparato digestivo Aparato genital femenino Aparato respiratorio Sistema cardiovascular Alteraciones Hematologícas Aparato genital masculino Aparato urinario Sistema endocrino Sistema óseo y articular Piel Sistema nervioso central14aPATOLOGIA